zpět

Detail výsledku týmu

U Lucerny ČT, Brno

Datum a čas kvízu

22.5 Celkem bodů Celkový počet nahraných bodů na tomto kvízu bez doplňovacích otázek.
8. Pořadí na kvízu Konečné umístění týmu na tomto kvízu.

Zaznamenané odpovědi

# Otázka Odpověď Body Výsledky
1. V neděli ve 13:30 se po celé r... 0
2. Náčelník policie jisté evropsk... 1
3. Hudební festival Colours of Os... 1
4. Americký miliardář a spoluzakl... 1
5. V úterý 6. listopadu kolem pol... 0
6. V tomto tématu se budeme pohyb... 0
7. Pokud bychom vyrazili z Kuala... 0
8. Pokud bychom se z Mikulova poh... 0
9. Pokud se vydáme přesně na vých... 0
10. Pokud se z Jihlavy budeme pohy... 0